000 02325nam a2200505 a 4500
999 _c83607
_d83607
003 BLK
005 20240809162325.0
008 180408b bul|||||r ||||||| ||bul||
010 _aKNG00088171000
020 _a978-954-92288-1-6
040 _aBLK
041 _aBUL
_cBUL
072 7 _2bullib
_aК
_xКраезнание
080 _aМузикални изпълнители (инструменталисти, певци), интерпретатори, диригенти
_b78.071.2
_x(497.2)(092)(093.3)
_z78.071.2(497.2)(092)(093.3)
080 _aБългарски музикант, диригент
_b929 Петков, Добрин Христов
_z929 Петков, Добрин Христов
100 _aПетков, Добрин Христов
_d1923 - 1987
_gДиригент, композитор
_9372716
139 _aПетков, Добрин Христов
_bП 44
245 1 0 _aДобрин Петков
_bВъзгледи и спомени
_cДобрин Христов Петков; състав. Боряна Александрова.
257 _aBGR
260 _aСофия
_bФонд. Тергум
_c2008
_fСофия : Миг принт
300 _a214 с.
_bсъс сн., факс.
_c22 см
380 _a7
500 _aОфс. изд. - Съдържа и Хроники концерти ; Част от записите на Добрин Петков.
600 0 _aПетков, Добрин Христов
_d1923 - 1987
_gДиригент, композитор
_9372716
650 4 _aДиригенти, български
_9246357
650 4 _aПетков, Добрин Христов
_9372716
651 4 _aБългария
_9241624
651 4 _aРусе
_9179462
653 _aДобрин Петков
653 _aдиригенти
653 _aбългарски музиканти
653 _aспомени
659 _aК
700 _aАлександрова, Боряна Асенова
_d1948-
_9301059
852 _aЦб 243078
852 _aК 78/П 44 Д
856 4 _qpdf
_i0.00
_ldisable
856 4 _qpdf
_i0.00
_ldisable
942 _cKNG
_n0
_01
_s1
944 _aCR
_c05.03.2009
_lКети Илиева
_k30550
944 _aED
_c2023-04-28
_l2023-04-28
_kир
999 _d83607
999 _d83607
999 _d83607